| 000 | 00551nam a22001817a 4500 | ||
|---|---|---|---|
| 005 | 20140725120108.0 | ||
| 010 | _aENG-109939 | ||
| 020 |
_a9788184247510 _c400.00 |
||
| 035 | _aEN-93472 | ||
| 037 | _bDBAD/PUB | ||
| 082 | _a364.13230954 | ||
| 245 |
_aCorruption and human rights / _cedited by V.N. Viswanathan |
||
| 260 |
_aNew Delhi _bAllied Publishers _c2012 |
||
| 270 |
_a1/13-14, Asaf Ali Road _bNew Delhi _e110002 |
||
| 300 |
_ax,206p. : _c24cm(pbk) _bill |
||
| 700 | _aViswanathan, V.N. | ||
| 942 |
_2ddc _cEN _mCOR _h364.13230954 |
||
| 999 |
_c84065 _d84065 |
||